000 00669nas a2200241 4500
001 BR8503274
003 BR-BrBNA
005 20231205090243.0
007 ta
008 230509b bl.|||p| |||| 00| 00por d
040 _aBR-BrBNA
_bpor
_cBiblioteca Nacional de Agricultura
041 _a(Pt)
072 _aH10
100 1 _aAnon.
245 1 _aFasciolose reduz producao de leite
650 _aFASCIOLOSE
650 _aPRODUCAO LEITEIRA
650 _aHOSPEDEIRO
650 _aERRADICACAO
773 0 _tGado Holandes (Brazil)
_xISSN 0101-7977
_g(Mar-Apr 1985), v. 47(118) p. 20-21
_wBR8503274
909 _a202311
_bLúcia
_c55
_dLúcia Elande
942 _2AGRIS
_n0
_cANA
999 _c117141
_d117141